01256cam a22003255a 45000010009000000050017000090080041000260200031000670200028000980200026001260400066001520820020002181000029002382450117002672600035003843000034004194900021004535000024004745040031004986500063005296500029005926500039006216510010006606530031006706550024007017000028007259420020007539990017007739520140007901646015020150722102306.0100915t2011 nyua frb 001 0 eng d a9781441971814 (alk. paper) a1441971815 (alk. paper) a9781441971821 (eISBN) aBTCTAbengcBTCTAdYDXCPdCDXdUUSdMUUdCNCENdDLCdEG-ScBUE04a004.21bKEI2221 aKeinert, Joachim.93823710aDesign of image processing embedded systems using multidimensional data flow /cJoachim Keinert, Jürgen Teich. aNew York :bSpringer,cc.2011. axxv, 311 p. :bill. ;c24 cm.0 aEmbedded systems aIndex : p. 307-311. aBibliography : p. 289-305. 0aEmbedded computer systemsxDesign and construction.2BUEsh 0aImage processing.2BUEsh 0aData flow computing.2BUEsh912047 2BUEsh bCOMSCIcJune2015cJuly2015 vreading book9342321 aTeich, Jürgen,d1964- 2ddck004.21 KEI c19988d19960 00102ddc40708AlahramaMAINbMAINcLOWd2015-06-28epurchaseg794.00h333l0o004.21 KEIp000038835r2025-07-15 00:00:00v992.50yBB